লোডিং...
How to enjoy Your Life and Your Job
| প্রধান লেখক: | |
|---|---|
| বিন্যাস: | Printed Book |
| প্রকাশিত: |
Kozhikkode
Harmony Books
2011
|
| LEADER | 00410nam a22001217a 4500 | ||
|---|---|---|---|
| 082 | |a 894.812 4 |b CAR/HO | ||
| 100 | |a Carnegie,Dale | ||
| 245 | |a How to enjoy Your Life and Your Job | ||
| 260 | |a Kozhikkode |b Harmony Books |c 2011 | ||
| 300 | |a 201p. | ||
| 942 | |c BK | ||
| 999 | |c 2996 |d 2996 | ||
| 952 | |0 0 |1 0 |4 0 |6 894_812000000000000_4_CAR_HO |7 0 |8 FIC |9 3878 |a KUFOS |b KUFOS |c FIC |d 2016-05-20 |o 894.812 4 CAR/HO |p 13867 |r 2016-05-20 |w 2016-05-20 |y BK | ||